ნორმალური ფორმატი
MARC ფორმატი
ჩანაწერი Personal Name
ჩანაწერთა რაოდენობა, რომელიც გამოყენებულია: 7
001 - CONTROL NUMBER
- control field: 6037
003 - CONTROL NUMBER IDENTIFIER
- control field: GE_BSU
005 - DATE AND TIME OF LATEST TRANSACTION
- control field: 20200109111715.0
008 - FIXED-LENGTH DATA ELEMENTS
- fixed length control field: 200109|| aca||aabn | a|a d
040 ## - CATALOGING SOURCE
- Original cataloging agency: GE_BSU
- Transcribing agency: GE_BSU
100 ## - HEADING--PERSONAL NAME
- Personal name: საჯაია, სერგი (გიორგი)
670 ## - SOURCE DATA FOUND
- Source citation: Work cat.: (GE_BSU)40872: საჯაია, სერგი (გიორგი), შეთქმულთა თაღლითობანი აფხაზეთის ა\რ-ის უმაღლეს საბჭოში :
